000 00301nam a22001337a 4500
008 170310b xxu||||| |||| 00| 0 eng d
020 _a9780323027533
041 _aeng
080 _a616.5
100 _a7
101 _aSHM
245 _aSKIN DISEASE DIAGNOSIS TRETMENT
_cHABIF.TH.P
942 _2udc
_cBK
999 _c7471
_d7471